000 00619nam a22002297a 4500
001 BR9300479
003 BR-BrBNA
005 20230928093822.0
007 ta
008 230509b bl.||||| |||| 00| 0 por d
040 _aBR-BrBNA
_bpor
_cBiblioteca Nacional de Agricultura
041 _a(Por)
072 _aE50
090 _ E50 BR9300479
100 1 _aStephanes, R.
245 1 _aEm defesa das solucoes dos problemas da previdencia social e da agricultura
260 3 _aBrasilia, DF (Brasil):
_c1983.
300 _a44 p.
650 _aPrevidencia Rural
909 _a202309
_bLucia
_c55
_dLucia Elande
942 _cBK
999 _c47294
_d47294